000 00787nas a2200265 4500
001 BR2013003998
003 BR-BrBNA
005 20231205122701.0
007 ta
008 230509b bl.|||p| |||| 00| 00por d
040 _aBR-BrBNA
_bpor
_cBiblioteca Nacional de Agricultura
041 _a(Pt)
072 _aF30; H20
100 1 _aSartorato, A.
100 1 _aFaria, J.C. de
245 1 _aResistência de cultivares de feijoeiro ao vírus do mosaico comum necrótico
650 _aFEIJÃO
650 _aVARIEDADE RESISTENTE
650 _aMOSAICO
650 _aNECROSE
650 _aVÍRUS
773 0 _tSumma Phytopathologica (Brazil)
_xISSN 0100-5405
_g(Jul-Sep 2004), v. 30(3) p. 394-397
_wBR2013003998
909 _a202311
_bLúcia
_c55
_dLúcia Elande
942 _2AGRIS
_n0
_cANA
999 _c229965
_d229965